Tomo tercero de la quaresma del padre Luis Burdalue, de la extinguida compañía llamada de Jesús, fielmente traducidas del francés al castellano. (Record no. 8377)

MARC details
000 -CABECERA
campo de control de longitud fija 00820nam a2200241 a 4500
001 - NÚMERO DE CONTROL
campo de control BRCA_8725
005 - FECHA Y HORA DE LA ÚLTIMA TRANSACCIÓN
campo de control 20190320210400.0
008 - DATOS DE LONGITUD FIJA--INFORMACIÓN GENERAL
campo de control de longitud fija 150217s1779----sp-#######---#000-0#spa-#
041 ## - CÓDIGO DE LENGUA
Código de lengua del texto/banda sonora o título independiente spa
044 ## - CÓDIGO DEL PAÍS DE LA ENTIDAD EDITORA/PRODUCTORA
Código MARC del país sp
084 ## - OTRO NÚMERO DE CLASIFICACIÓN
Número de clasificación BE71
Número de documento/Ítem .B68 1779
100 1# - ENTRADA PRINCIPAL--NOMBRE DE PERSONA
Nombre de persona Burdaloue, Luis (S.I.)
9 (RLIN) 21671
245 10 - MENCIÓN DE TÍTULO
Título Tomo tercero de la quaresma del padre Luis Burdalue, de la extinguida compañía llamada de Jesús, fielmente traducidas del francés al castellano.
250 ## - MENCIÓN DE EDICIÓN
Mención de edición 2a ed.
260 ## - PUBLICACIÓN, DISTRIBUCIÓN, ETC.
Lugar de publicación, distribución, etc. Madrid
Nombre del editor, distribuidor, etc. Por Blas Roman
Fecha de publicación, distribución, etc. 1779
300 ## - DESCRIPCIÓN FÍSICA
Extensión [2, 372 p. (t.4)
Dimensiones 21.7 x 15 cm
500 ## - NOTA GENERAL
Nota general Estado físico: presenta lomo desprendido y presencia del pez de plata
500 ## - NOTA GENERAL
Nota general Con anotaciones en su interior
650 14 - PUNTO DE ACCESO ADICIONAL DE MATERIA--TÉRMINO DE MATERIA
Término de materia o nombre geográfico como elemento de entrada Cuaresma
9 (RLIN) 21672
650 14 - PUNTO DE ACCESO ADICIONAL DE MATERIA--TÉRMINO DE MATERIA
Término de materia o nombre geográfico como elemento de entrada Sermones
Subdivisión cronológica Obras anteriores a 1800
9 (RLIN) 21369
902 ## - CATALOGADOR
Iniciales CFM
942 ## - ELEMENTOS DE PUNTO DE ACCESO ADICIONAL (KOHA)
Fuente del sistema de clasificación o colocación Library of Congress Classification
Tipo de ítem Koha Libros
Holdings
Estado de retiro Estado de pérdida Estado dañado No para préstamo Localización permanente Ubicación/localización actual Fecha de adquisición Total de préstamos Signatura topográfica completa Código de barras Fecha visto por última vez Precio válido a partir de Tipo de ítem Koha
El ejemplar forma parte de la colección y puede ser consultado según las políticas vigentes.       Biblioteca del Museo Franz Mayer (Rogerio Casas-Alatriste) Biblioteca del Museo Franz Mayer (Rogerio Casas-Alatriste) 15/02/2017   BE71 .B68 1779 CFM00061 22/03/2019 22/03/2019 Libros